| 000 | 00767nam a2200241Ia 4500 | ||
|---|---|---|---|
| 003 | GCL | ||
| 005 | 20240530105255.0 | ||
| 008 | 140319s9999 xx 000 0 ara d | ||
| 040 |
_aGCL / _cGCL |
||
| 082 | 0 | 4 |
_a327.11/ _bس ح |
| 100 | 1 | _aسميث، جين ادوارد | |
| 245 | 1 | 0 |
_aحرب جورج بوش / _cجين ادوارد سميث |
| 260 |
_a[S.N] : _bدار الفكر للدراسات والنشر والتوزيع ، _c1992 |
||
| 300 | _a320 ص | ||
| 650 | 0 | 4 | _aالكويت |
| 650 | 0 | 4 | _aالعراق |
| 650 | 0 | 4 | _aالولايات المتحدة الامريكية |
| 650 | 0 | 4 | _aالشرق الاوسط |
| 650 | 0 | 4 | _aحرب الخليج |
| 700 | 1 | _aمحمود برهوم (مترجم) | |
| 700 | 1 | _aنقولا ناصر | |
| 942 |
_2ddc _cBK |
||
| 999 |
_c54515 _d54515 |
||